Statistics for Nickelodeon TV Shows

Click here to take the quiz!

General Stats

  • This quiz has been taken 3,240 times
    (3,235 since last reset)
  • The average score is 10 of 21

Answer Stats

Hint Answer % Correct
His best friend is a starfish and a squirrelSpongebob Squarepants
90%
Half-dog, half-catCatDog
83%
Mischievious toddlers get into troubleRugrats
73%
Young boy gets wishes to help him from his evil babysitterFairly OddParents
71%
Adventures of two completely opposite step brothersDrake and Josh
67%
Spinoff of the above answeriCarly
61%
Teens attend musical high school in HollywoodVictorious
58%
Football-headed kid lives in the city with friendsHey Arnold
58%
Teenage students live in a boarding school in CaliforniaZoey 101
48%
Family travels in RV around the worldThe Wild Thornberrys
42%
Middle schooler gives not always helpful adviceNed's Declassified School Survival Guide
41%
"Brain blast!"Jimmy Neutron
39%
Teenage version of SNLAll That
38%
A group of teenagers do extreme sports, like skateboarding and surfingRocket Power
35%
Main character tries to date Patti MayonnaiseDoug
31%
"Aww here it goes!"Kenan and Kel
26%
Monsters in trainingAaahh Real Monsters
23%
Australian wallaby that lives in O-TownRocko's Modern Life
22%
"Happy happy joy joy!"The Ren and Stimpy Show
22%
Red haired girl deals with typical high school dilemmasAs Told by Ginger
18%
Three cats (Mr. Blik, Waffle, and Gordon) live in a mansionCatscratch
14%

Score Distribution

Percentile by Number Answered

Percent of People with Each Score

Your Score History

You have not taken this quiz since the last reset